Premier League par année - Mort subite - Statistiques

Statistiques générales
  • Ce quiz a été pris 57 fois
  • Le résultat moyen est 5 sur 14
Answers on the Grid
Answers color-coded by a green-red scale on the quiz's grid according to % correct below.
Liverpool FC - 2025
Manchester City - 2021
Chelsea FC - 2017
Leicester City - 2016
Chelsea FC - 2010
Manchester United - 2008
Arsenal FC - 2004
Manchester United - 1999
Arsenal FC - 1998
Blackburn Rovers - 1995
Leeds United - 1992
Liverpool FC - 1990
Everton FC - 1985
Preston North End - 1889
Liverpool FC - 2019
Manchester United - 2014
Manchester City - 2013
Arsenal FC - 2006
Chelsea FC - 2003
Tottenham Hotspur - 2001
Newcastle United - 1997
Aston Villa - 1993
Everton FC - 1986
West Ham United - 1978
 
Statistiques - réponses
Réponse % Correct
Manchester City - 2021
66%
Leicester City - 2016
59%
Arsenal FC - 2004
56%
Manchester United - 2008
54%
Liverpool FC - 2025
51%
Chelsea FC - 2017
37%
Chelsea FC - 2010
29%
Blackburn Rovers - 1995
27%
Manchester United - 1999
27%
Arsenal FC - 1998
24%
Liverpool FC - 1990
17%
Preston North End - 1889
17%
Leeds United - 1992
12%
Everton FC - 1985
10%
Aucun quiz correspondant
Distribution des résultats
% des personnes avec chaque résultat
Percentile par nombre de réponses
Votre historique - résultats
Vous n’avez pas pris ce quiz